000
00311nam a22001337a 4500
003
SGT
082
_a
615.53
_b
E15P
100
_a
PATIL, VASANT.C.
245
_a
ESSENTIALS OF PRACTICAL PANCHAKARMA THERAPY
260
_a
VARANASI
_b
CHAUKHAMBHA PUB
_c
2015
300
_a
502
650
_a
PANCHAKARMA
942
_2
ddc
_c
BK
999
_c
8598
_d
8598